000 00583nam a2200241Ia 4500
999 _c4471
_d4471
003 0100
008 130227s9999 xx 000 0 und d
020 _a9781844650903
040 _cARRUPELIB
050 _aB843.M956 2007
100 _aMulgan, Tim
_934517
245 _aUnderstanding utilitarianism
260 _bAcumen
_aChesham, UK
_c2007
300 _av
300 _b 194p 22cm
440 _aUnderstanding movements in modern thought
_95557
650 _aUtilitarianism
_91723
942 _2lcc
_02
_cMONOGRAPH